| 000 | 01111nas a2200313 i 4500 | ||
|---|---|---|---|
| 001 | 1336 | ||
| 003 | ES-MaACL | ||
| 005 | 20250822100005.0 | ||
| 008 | 950801d18961940gw w| p | 1 ||er d | ||
| 022 | _a9959-3270 | ||
| 080 | _a82-7 | ||
| 080 | _a7 | ||
| 245 | 0 | 0 |
_aJugend _b: Münchner illustrierte Wochenschrift für Kunst und Leben. |
| 246 | 3 | _aJugend (München) | |
| 260 |
_aMünchen : _bG. Hirth's Verlag, _c[1896-1944] |
||
| 300 |
_a24 v. : _bil. col. y n. ; _c31 cm. |
||
| 310 | _aSemanal | ||
| 362 | 1 | _aComenzó en 1896. | |
| 530 | _aDisponible en formato digital. | ||
| 580 | _aEn 1909 se publica un índice de ilustradores de la revista: Dreitausend Kunstblätter der Münchner "Jugend" | ||
| 650 | 1 | 7 |
_aSátira _2embne _916997 |
| 650 | 1 | 7 |
_aArte _2embne _910068 |
| 852 |
_aES-MaACL _jZ-15 _dOlim: Hem-153 |
||
| 856 |
_uhttp://digi.ub.uni-heidelberg.de/diglit/jugend _zHeidelberg University Library _z- 1896-1940 |
||
| 856 |
_uhttp://www.jugend-wochenschrift.de/index.php?id=24 _zJugend _z- Índices: 1896-1940 |
||
| 866 | 0 | _o1904-15. | |
| 942 | _2udc | ||
| 999 |
_c1336 _d1336 |
||